Citoyenneté et nationalité : (Record no. 13638)

000 -LEADER
fixed length control field 00538nam a2200193 a 4500
020 ## - INTERNATIONAL STANDARD BOOK NUMBER
ISBN 2130434320 :
040 ## - CATALOGING SOURCE
Transcribing agency DLC
082 00 - DEWEY DECIMAL CLASSIFICATION NUMBER
Classification number 323 PRE 1991 A011 Or.
245 00 - TITLE STATEMENT
Title Citoyenneté et nationalité :
Remainder of title perspectives en France et au Québec /
250 ## - EDITION STATEMENT
Edition statement 1re éd.
260 ## - PUBLICATION, DISTRIBUTION, ETC. (IMPRINT)
Place of publication Paris :
Name of publisher Presses universitaires de France,
Year of publication c1991.
300 ## - PHYSICAL DESCRIPTION
Number of Pages viii, 505 p. ;
Dimensions 24 cm.
650 #0 - SUBJECT ADDED ENTRY--TOPICAL TERM
Topical Term Citizenship
650 #0 - SUBJECT ADDED ENTRY--TOPICAL TERM
Topical Term Citizenship
700 1# - ADDED ENTRY--PERSONAL NAME
Personal name Colas, Dominique.
700 1# - ADDED ENTRY--PERSONAL NAME
Personal name Emeri, Claude.
700 1# - ADDED ENTRY--PERSONAL NAME
Personal name Zylberberg, Jacques.
942 ## - ADDED ENTRY ELEMENTS (KOHA)
Koha item type សៀវភៅភាសាបារាំង
952 ## - LOCATION AND ITEM INFORMATION (KOHA)
Withdrawn status [LOCAL, KOHA] 0
Holdings
Permanent Location Date acquired Koha item type Lost status Shelving location Barcode Current Location Full call number
Library Block A2017-08-29សៀវភៅភាសាបារាំង A011A18860Library Block A323 PRE 1991 A011 Or.
មជ្ឈមណ្ឌលឯការនៃសាកលវិទ្យាល័យភូមិន្ទកសិកម្មចំការដូង

Powered by Koha